00455nam a22001337a 4500008004100000020001800041040005500059080002100114100002400135245008000159300001700239650003000256653003500286230329b |||||||| |||| 00| 0 eng d a81-265-0687-3 aNational Science LibrarycNational Science Library aD 681.324ADO.net aMcclure, Wallace B  aProfessional ADO. NET 2 programming with SQL server 2005, oracle and mysql  axxiv, 614p.  aProfessional programming  aStandardized database objects